部首为心的常见中文汉字 Common Chinese characters with the radical “Heart” - Statistics

General Stats
  • This quiz has been taken 37 times
  • The average score is 28 of 72
Answer Stats
拼音首字母 笔画数 汉字 % Correct
x 13
81%
n 8
78%
s 9
75%
b 5
72%
x 4
69%
ɡ 13
66%
b 12
63%
e 10
63%
n 9
59%
t 8
59%
y 13
59%
h 15
56%
w 7
56%
e 10
53%
f 8 忿
53%
t 7
50%
x 10
50%
z 8
50%
h 12
47%
h 15
47%
j 9
47%
l 10
47%
s 8
47%
c 13
44%
d 9
44%
h 8
44%
j 7
44%
n 11
44%
t 7
44%
y 9
44%
y 14
44%
z 9
44%
c 12
41%
c 13
41%
d 9
41%
k 10
41%
n 10
41%
s 10
41%
y 11
41%
z 7
41%
b 15
38%
k 10
38%
r 7
38%
w 15
38%
x 11
38%
z 10
38%
h 12
34%
m 13
34%
x 11
34%
z 9
34%
h 11
31%
q 16
31%
b 12
28%
h 10
28%
y 13
28%
m 17
25%
r 12
25%
y 13
25%
m 17
22%
t 14
22%
y 10
22%
y 11
22%
d 16
19%
n 10
19%
q 11
19%
ɡ 25
16%
q 13
13%
t 7
9%
j 10
6%
c 15
0%
ɡ 25
0%
y 22
0%
No matching quizzes found
Score Distribution
Percent of People with Each Score
Percentile by Number Answered
Your Score History
You have not taken this quiz